LEADER 01630nlm0 22004451i 450 001 990009261310403321 010 $a9783642030956 035 $a000926131 035 $aFED01000926131 035 $a(Aleph)000926131FED01 035 $a000926131 100 $a20100926d2009----km-y0itay50------ba 101 0 $aeng 102 $aDE 135 $adrnn-008mamaa 200 1 $aAlgorithms and Architectures for Parallel Processing$bRisorsa elettronica$e9th International Conference, ICA3PP 2009, Taipei, Taiwan, June 8-11, 2009. Proceedings$fedited by Arrems Hua, Shih-Liang Chang 210 $aBerlin ; Heidelberg$cSpringer$d2009 225 1 $aLecture Notes in Computer Science$x0302-9743$v5574 230 $aDocumento elettronico 336 $aTesto 337 $aFormato html, pdf 702 1$aChang,$bShih-Liang 702 1$aHua,$bArrems 801 0$aIT$bUNINA$gREICAT$2UNIMARC 856 4 $zFull text per gli utenti Federico II$uhttp://dx.doi.org/10.1007/978-3-642-03095-6 901 $aEB 912 $a990009261310403321 961 $aAlgorithm Analysis and Problem Complexity 961 $aComputation by Abstract Devices 961 $aComputer network architectures 961 $aComputer science 961 $aComputer Science 961 $aComputer simulation 961 $aComputer software 961 $aComputer Systems Organization and Communication Networks 961 $aSimulation and Modeling 961 $aSoftware engineering 961 $aSoftware Engineering/Programming and Operating Systems 996 $aAlgorithms and Architectures for Parallel Processing$9773147 997 $aUNINA LEADER 01219nam2-2200385li-450 001 990000108370203316 005 20180312154759.0 010 $a0-486-64038-8 035 $a0010837 035 $aUSA010010837 035 $a(ALEPH)000010837USA01 035 $a0010837 100 $a20001109d1980----km-y0itay0103----ba 101 0 $aeng 102 $aUS 200 1 $aElectrodynamics and classical theory of fields & particles$fA. O. Barut 210 $aNew York$cDover Publications$dcopyr. 1980 215 $aXV, 235 p.$cill.$d21 cm 225 2 $aDover books on physics and chemistry$v0 410 0$10010010838$12001$aDover books on physics and chemistry 610 1 $aelettrodinamica 610 1 $ateoria dei campi 676 $a5376$9. 700 1$aBarut,$bAsim Orhan$044679 801 $aSistema bibliotecario di Ateneo dell' Università di Salerno$gRICA 912 $a990000108370203316 951 $a537.6 BAR (A)$b0013039 959 $aBK 969 $aSCI 979 $c19910919 979 $c20001110$lUSA01$h1711 979 $c20020403$lUSA01$h1618 979 $aPATRY$b90$c20040406$lUSA01$h1608 996 $aElectrodynamics and classical theory of fields & particles$91487667 997 $aUNISA